| 000 | 00679nas a2200277 a 4500 | ||
|---|---|---|---|
| 001 | 000412526 | ||
| 005 | 20250617132835.0 | ||
| 003 | AM-YEHGA | ||
| 008 | 050228c19949999|||qr| 0 0bul d | ||
| 022 | _a1310-3415 | ||
| 040 | _aAM-YeHGA | ||
| 041 | 0 | _abul | |
| 222 | 0 | _aМинало | |
| 245 | 0 | 0 |
_aМинало= _bMinalo. |
| 246 | 3 | 1 | _aMinalo |
| 260 |
_aSofia : _bИзд-во Юруков, _c1994-. |
||
| 300 |
_av. : _bill. |
||
| 310 | _aQuarterly | ||
| 362 | 1 | _a1994- | |
| 650 | 0 | 4 | _aԱմսագիր |
| 650 | 1 | 4 |
_aHistory _zBulgaria _vPeriodicals |
| 650 | 1 | 4 |
_aAntiquities _vPeriodicals. |
| 856 | 0 | _uminalo@techno-com | |
| 942 |
_2udc _cCR |
||
| 090 | _c158505 | ||
| 999 |
_c157102 _d157102 |
||